A divat és a közösségi média kapcsolata

Bibliographic Details
Main Author: Molnár Adél
Other Authors: Totth Dr. Gedeon
Format: Thesis
Kulcsszavak:Divat
Közösségi média
Facebook
Twitter
Youtube
Online Access:http://dolgozattar.uni-bge.hu/5221

MARC

LEADER 00000nta a2200000 i 4500
001 dolg5221
005 20220627151753.0
008 160429suuuu hu om 000 hun d
040 |a BGE Dolgozattár Repozitórium  |b hun 
041 |a hu 
100 1 |a Molnár Adél 
245 1 2 |a A divat és a közösségi média kapcsolata  |c Molnár Adél  |h [elektronikus dokumentum] 
695 |a Divat 
695 |a Közösségi média 
695 |a Facebook 
695 |a Twitter 
695 |a Youtube 
700 1 |a Totth Dr. Gedeon  |e ths 
856 4 0 |u http://dolgozattar.uni-bge.hu/5221/1/Molnar_Adel_NMGH8E_A_divat_es_a_kozossegi_media_kapcsolata.pdf  |z Dokumentum-elérés